[Event "16th Asian Continental w"]
[Site "Chengdu CHN"]
[Date "2017.05.15"]
[Round "4.2"]
[White "Vo Thi Kim Phung"]
[Black "Munguntuul,B"]
[Result "1-0"]
[WhiteElo "2323"]
[BlackElo "2431"]

1.d4 d5 2.c4 c6 3.Nf3 Nf6 4.Qc2 dxc4 5.Qxc4 Bf5 6.g3 Nbd7 7.Bg2 e6 8.O-O Be7
9.e3 O-O 10.Rd1 Rc8 11.Qe2 Qa5 12.Nc3 Ne4 13.Nxe4 Bxe4 14.Ne1 Bxg2 15.Kxg2 c5
16.Bd2 Qb6 17.Bc3 cxd4 18.Bxd4 Qc6+ 19.Qf3 Qxf3+ 20.Nxf3 Nc5 21.Rac1 f6
22.Bxc5 Rxc5 23.Nd4 Rxc1 24.Rxc1 e5 25.Nf5 Rf7 26.e4 Bf8 27.Ne3 b6 28.g4 Bc5
29.Nd5 a5 30.a3 Ra7 31.a4 Kf7 32.Kf3 Rd7 33.Ke2 Ke6 34.f3 Kd6 35.Kd3 Kc6
36.Kc4 Rd8 37.Rd1 Bd4 38.Ne7+ Kc7 39.Nf5 Bxb2 40.Rxd8 Kxd8 41.Nxg7 Kd7 42.Nf5
Ba3 43.Ne3 Ke6 44.Nd5 Bc5 45.Kb5 Bg1 46.h3 Bf2 47.Nxb6 Be1 48.Nd5 Kf7 49.h4
Kg6 50.h5+ Kg5 51.Kc6 h6 52.Kd7 Bd2 53.Ke6 Bc1 54.Kf7 {#r} 1-0

[Event "16th Asian Continental w"]
[Site "Chengdu CHN"]
[Date "2017.05.13"]
[Round "2.7"]
[White "Vo Thi Kim Phung"]
[Black "Uuriintuya,Uurtsaikh"]
[Result "1-0"]
[WhiteElo "2323"]
[BlackElo "2251"]

1.d4 Nf6 2.Bg5 c5 3.Nc3 cxd4 4.Qxd4 Nc6 5.Qh4 e6 6.O-O-O Be7 7.e4 d6 8.f4 Qa5
9.Nf3 h6 10.e5 dxe5 11.fxe5 Nxe5 12.Nxe5 Qxe5 13.Bb5+ Kf8 14.Bd2 Bd7 15.Rhe1
Qc7 16.Bf4 Qa5 17.Bxd7 Nxd7 18.Qg3 Nf6 19.Qf3 Qa6 20.Be5 Rc8 21.Bxf6 Bxf6
22.Rd7 b5 23.Qh5 Be7 24.Qxb5 Qxb5 25.Nxb5 a6 26.Nc3 g6 27.Ra7 Rc6 28.Rf1 Rh7
29.Ra8+ Kg7 30.Kb1 f5 31.Ra7 Kf6 32.Ne4+ Ke5 33.Nd2 Rg7 34.b3 Bf8 35.Nc4+ Kf6
36.Ra8 Bc5 37.Re1 Bb4 38.Rd1 Rb7 39.a3 Bc3 40.Kc1 Rbc7 41.Rd3 Be1 42.Kd1 Bf2
43.Rf8+ Kg7 44.Rfd8 h5 45.Ke2 Bg1 46.h3 h4 47.R3d6 Bh2 48.R8d7+ Rxd7 49.Rxc6
Kf6 50.Rxa6 g5 51.Ra8 Rd4 52.a4 g4 53.a5 Re4+ 54.Kd3 Bg1 55.a6 Rd4+ 56.Kc3 Rd7
57.b4 gxh3 58.gxh3 Bd4+ 59.Kd3 e5 60.c3 e4+ 61.Ke2 Bg1 62.b5 f4 63.Rf8+ Ke6
64.Rxf4 Kd5 65.Nd2 Re7 66.Rxh4 Kc5 67.Rh5+ Kb6 68.Nc4+ Ka7 69.Ne5 Kb6 70.c4
Rg7 71.Rh6+ Kc5 72.Rc6+ Kd4 73.Ng4 Ra7 74.Kf1 {#r} 1-0

[Event "11th Agzamov Mem 2017"]
[Site "Tashkent UZB"]
[Date "2017.05.09"]
[Round "8.6"]
[White "Sattarov,B"]
[Black "Khusenkhojaev,Muhammad"]
[Result "1-0"]
[WhiteElo "2324"]
[BlackElo "2433"]

1.d4 d5 2.Nc3 Nf6 3.Bg5 e6 4.e4 dxe4 5.Nxe4 Be7 6.Bxf6 gxf6 7.Nf3 f5 8.Nc3 a6
9.Qe2 b5 10.O-O-O b4 11.Na4 Bb7 12.Qe3 Nd7 13.Bc4 Nf6 14.Nc5 Bd5 15.Ne5 Rg8
16.Be2 c6 17.Bf3 Qc7 18.Rhe1 a5 19.h3 Bxc5 20.dxc5 O-O-O 21.g4 fxg4 22.hxg4
Kb7 23.Be2 Qe7 24.f3 h5 25.c4 bxc3 26.Qxc3 Ra8 27.gxh5 Nxh5 28.Bc4 Qxc5
29.Ba6+ {#r} 1-0

[Event "Zahoracky GM 2017"]
[Site "Senica SVK"]
[Date "2017.05.14"]
[Round "9.1"]
[White "Haring,Filip"]
[Black "Jurcik,Mari"]
[Result "0-1"]
[WhiteElo "2328"]
[BlackElo "2501"]

1.e4 c5 2.Nf3 d6 3.d4 cxd4 4.Nxd4 Nf6 5.Nc3 a6 6.Be3 e5 7.Nb3 Be6 8.f4 exf4
9.Bxf4 Nc6 10.Qe2 Rc8 11.h3 Nb4 12.a3 Nh5 13.axb4 Nxf4 14.Qf3 g5 15.b5 Bg7
16.bxa6 bxa6 17.Bxa6 Rb8 18.Bb5+ Kf8 19.Rd1 Qb6 20.Rd2 Rg8 21.Ba4 Rc8 22.g3
Nxh3 23.Qd3 g4 24.Rf1 Bxc3 25.bxc3 Bc4 26.Qxd6+ Qxd6 27.Rxd6 Bxf1 28.Kxf1 Ng5
29.Bc6 Rg6 30.Rxg6 hxg6 31.Na5 Rc7 32.Ke2 Nf3 33.Ke3 Ne5 34.Bd5 Rxc3+ 35.Kd4
Ra3 36.Kxe5 Rxa5 37.c4 Ke7 38.Kf4 f6 39.Kxg4 Kd6 40.Kf4 Ra1 41.Bf7 g5+ 42.Kg4
Ke5 43.Bd5 Rc1 44.Kf3 Rc3+ 45.Kg4 Rd3 46.Kh3 Rf3 47.Kg4 Rf1 48.Bb7 Kd4 49.Bd5
Ke3 50.Bb7 Kd4 51.Bd5 Rf2 52.Kh5 Rg2 53.Kg4 Ke5 54.Kf3 Ra2 55.Kg4 Ra7 56.Bc6
Rc7 57.Bd5 Rd7 58.Kf3 Rd6 59.Kg4 Rd8 60.Kf3 Rb8 61.Kg4 Rb3 62.Bc6 Re3 63.Bb7
Rd3 64.Bd5 Rc3 65.Kh3 Rf3 66.Kg4 Rd3 67.Kh3 Rd4 68.Kg2 g4 69.Kf2 Rd2+ 70.Kf1
Rc2 71.Kg1 Kd4 72.Be6 Kxe4 73.Bxg4 Rxc4 74.Kf2 Rc2+ 75.Kg1 Ke3 76.Kf1 Rc4
77.Bh5 Rc5 78.g4 Rc2 79.Bg6 Rf2+ 80.Kg1 Kf3 81.Bf5 Kg3 82.Be6 Re2 {#R} 0-1

[Event "Zahoracky GM 2017"]
[Site "Senica SVK"]
[Date "2017.05.12"]
[Round "7.2"]
[White "Haring,Filip"]
[Black "Mazur,Ste"]
[Result "0-1"]
[WhiteElo "2328"]
[BlackElo "2459"]

1.e4 e5 2.Nf3 Nc6 3.d4 exd4 4.Nxd4 Nf6 5.Nxc6 bxc6 6.e5 Qe7 7.Qe2 Nd5 8.c4 Ba6
9.b3 g6 10.Bb2 Bg7 11.g3 O-O 12.Bg2 Rae8 13.O-O Bxe5 14.Qxe5 Qxe5 15.Bxe5 Rxe5
16.cxd5 Bxf1 17.Kxf1 cxd5 18.Nc3 c6 19.Rd1 Rb8 20.Na4 Rb5 21.f4 Re7 22.Kf2 Kg7
23.Rd2 f5 24.Rc2 h6 25.Nc5 g5 26.Nd3 Kf6 27.b4 gxf4 28.gxf4 Ke6 29.a3 Kd6
30.Nc5 a5 31.Bf1 Rb8 32.bxa5 Rb1 33.a6 Re8 34.Bd3 Kc7 35.Bxf5 d6 36.Nd7 Rb5
37.Nf6 Rf8 38.Bd3 Ra5 39.Nh5 d4 40.Be4 Rxh5 41.Rxc6+ Kd7 42.Bf3 Rxf4 43.Rb6
Ra5 44.Kg3 Rf6 45.Rb7+ Ke6 46.a7 Rxa3 47.Kg2 Rg6+ 48.Kf2 Ra2+ 49.Be2 d3 50.Rb2
Rf6+ 51.Kg2 dxe2 52.Rxa2 e1=Q {#R} 0-1

[Event "TCh-BLR 2017"]
[Site "Minsk BLR"]
[Date "2017.05.12"]
[Round "5.1"]
[White "Filipets,Egor"]
[Black "Prakapuk,Vera"]
[Result "1-0"]
[WhiteElo "2328"]
[BlackElo "2078"]

1.Nf3 d5 2.g3 Nf6 3.Bg2 c6 4.O-O Bf5 5.d3 h6 6.Nbd2 e6 7.Re1 Be7 8.b3 O-O
9.Bb2 Nbd7 10.e4 Bg6 11.Qe2 Rc8 12.Nh4 Bh5 13.Bf3 Bxf3 14.Nhxf3 c5 15.Kg2 Qc7
16.e5 Nh7 17.h4 b5 18.c4 bxc4 19.dxc4 d4 20.h5 Rce8 21.Nh2 f6 22.exf6 Bxf6
23.Ng4 e5 24.Qe4 Bg5 25.Qd5+ Kh8 26.Ne4 Be7 27.f3 Ng5 28.Nxg5 Bxg5 29.Ba3 Qa5
30.Qxd7 Qxa3 31.f4 Rd8 32.Qc6 exf4 33.Ne5 Qb2+ 34.Kh3 fxg3 35.Ng6+ Kh7
36.Nxf8+ Rxf8 37.Qg2 Qf2 38.Rf1 Qxg2+ 39.Kxg2 Bf4 40.Rf3 g5 41.hxg6+ Kxg6
42.Raf1 Kg5 43.Rxg3+ Bxg3 44.Rxf8 Be1 45.Kf3 a5 46.Ke4 Bb4 47.Rg8+ Kh4 48.Rg2
Ba3 49.Kf5 Bc1 50.Rg1 Be3 51.Rh1+ Kg3 52.Ke4 Kf2 53.Rh2+ Kg1 54.Rh5 Bg5 55.a3
Kg2 56.b4 cxb4 57.axb4 a4 58.Kxd4 Bf6+ 59.Kd3 a3 60.Ra5 Bb2 61.Ke4 {#r} 1-0

[Event "Zahoracky GM 2017"]
[Site "Senica SVK"]
[Date "2017.05.11"]
[Round "5.3"]
[White "Haring,Filip"]
[Black "Jablonicky,Martin"]
[Result "1-0"]
[WhiteElo "2328"]
[BlackElo "2296"]

1.e4 e5 2.Nf3 Nc6 3.d4 exd4 4.Nxd4 Nf6 5.Nxc6 bxc6 6.e5 Qe7 7.Qe2 Nd5 8.c4 Nb6
9.Nc3 g6 10.Ne4 Bg7 11.Nf6+ Bxf6 12.exf6 Qxe2+ 13.Bxe2 O-O 14.Be3 Re8 15.O-O-O
d5 16.cxd5 cxd5 17.Bb5 Re6 18.Rhe1 c6 19.Bd3 Rxf6 20.Bd4 Re6 21.Kd2 Bd7 22.Rc1
Rae8 23.Rxe6 Rxe6 24.b3 Bc8 25.a4 Bb7 26.a5 Nc8 27.a6 Ba8 28.Kc3 c5 29.Bxc5
d4+ 30.Kxd4 Bxg2 31.Bc4 Rf6 32.Re1 Bc6 33.Bd5 Rf4+ 34.Re4 Rf6 35.Bxc6 Rxc6
36.Kd5 Rc7 37.Re8+ Kg7 38.b4 f5 39.b5 Kf6 40.f4 g5 41.Re6+ Kf7 42.Rh6 Kg7
43.fxg5 {#r} 1-0

[Event "Zahoracky GM 2017"]
[Site "Senica SVK"]
[Date "2017.05.10"]
[Round "3.4"]
[White "Haring,Filip"]
[Black "Simacek,P"]
[Result "0-1"]
[WhiteElo "2328"]
[BlackElo "2485"]

1.e4 e5 2.Nf3 Nc6 3.d4 exd4 4.Bc4 Bc5 5.c3 Nf6 6.cxd4 Bb4+ 7.Bd2 Bxd2+ 8.Nbxd2
d5 9.exd5 Nxd5 10.Qb3 Na5 11.Qa4+ Nc6 12.Qb3 Nce7 13.O-O O-O 14.Rfe1 c6 15.Qa3
a5 16.Ne4 Nb4 17.Ne5 Ned5 18.Rac1 f6 19.Nd3 Kh8 20.Nxb4 Nxb4 21.Qf3 b5 22.Bf1
Nxa2 23.Rc5 Nb4 24.Rh5 Be6 25.Nc5 Bf7 26.Rh4 Qd5 27.Qh3 Bg6 28.Qg3 Kg8 29.Qc7
Rf7 30.Qf4 Bf5 31.Re3 g5 32.Qg3 Nc2 33.Rf3 Bg6 34.Rh6 Nxd4 35.Rc3 Re8 36.Rc1
Rfe7 37.Qc3 b4 38.Qh3 Re1 39.Rxe1 Rxe1 40.Qc8+ Kg7 41.h3 Qxc5 {#R} 0-1

[Event "TCh-BLR 2017"]
[Site "Minsk BLR"]
[Date "2017.05.10"]
[Round "3.1"]
[White "Filipets,Egor"]
[Black "Khamitskiy,S"]
[Result "1-0"]
[WhiteElo "2328"]
[BlackElo "2287"]

1.d4 d5 2.Nf3 Nf6 3.c4 dxc4 4.e3 Bg4 5.Bxc4 e6 6.O-O a6 7.h3 Bh5 8.Be2 c5 9.b3
Nc6 10.Bb2 Rc8 11.Nbd2 cxd4 12.Nxd4 Bxe2 13.Qxe2 Nxd4 14.Bxd4 Bc5 15.Nc4 Bxd4
16.Rad1 O-O 17.Rxd4 Qe7 18.e4 Rfd8 19.Rxd8+ Rxd8 20.e5 Nd5 21.Nd6 Rd7 22.Qg4
Rc7 23.Rd1 h6 24.Ne4 Nc3 25.Rd6 Nxe4 26.Qxe4 g6 27.h4 Kg7 28.g3 h5 29.Qd4 Qe8
30.Qf4 Qe7 31.Qd2 Qe8 32.a4 Qe7 33.Kh2 Kh7 34.Qd4 Kg7 35.b4 Qe8 36.Rd8 Qe7
37.Rd6 Qe8 38.Qf4 Rd7 39.Qd2 Rc7 40.Qd4 Qxa4 41.g4 hxg4 42.Qf4 g3+ 43.Kxg3
Rc3+ 44.Kh2 Rc8 45.h5 Qe8 46.Qf6+ Kg8 47.Rd3 Qf8 48.hxg6 Qg7 49.gxf7+ Qxf7
50.Rg3+ Kf8 51.Qh6+ Ke8 52.Qh8+ Ke7 53.Qh4+ Kd7 54.Qd4+ Ke7 55.Kg2 Rd8 56.Qh4+
Ke8 57.Qh6 Rd4 58.Rg7 Qf5 59.Qh8+ Qf8 60.Qh5+ Kd8 61.Qg5+ {#r} 1-0

[Event "16th Asian Continental w"]
[Site "Chengdu CHN"]
[Date "2017.05.14"]
[Round "3.2"]
[White "Pham Le Thao Nguyen"]
[Black "Nguyen Thi Mai Hung"]
[Result "1-0"]
[WhiteElo "2331"]
[BlackElo "2257"]

1.d4 d5 2.Nf3 Nf6 3.c4 c6 4.Nc3 e6 5.e3 Nbd7 6.Qc2 Bd6 7.Bd3 O-O 8.O-O dxc4
9.Bxc4 b5 10.Be2 Bb7 11.e4 e5 12.dxe5 Nxe5 13.Nd4 Ng6 14.Nf5 Bb8 15.f4 a6
16.e5 Nd5 17.Nxd5 cxd5 18.Be3 Re8 19.Kh1 f6 20.exf6 Qxf6 21.Bd3 Qc6 22.Qb3 Rf8
23.Nd4 Qd6 24.Bf5 Kh8 25.Rad1 Ba7 26.Qc2 Qf6 27.Bxg6 Qxg6 28.f5 Qh5 29.Rf3
Rac8 30.Qd3 Rf6 31.Rdf1 Bb8 32.Bf4 Bxf4 33.Rxf4 Re8 34.Qg3 Qf7 35.h3 Bc8
36.Qf3 Re5 37.Qc3 Qe8 38.a3 Re4 39.Qc7 h6 40.Rg4 Rxg4 41.hxg4 Rf7 42.Qc5 Qd8
43.Kg1 Bb7 44.Ne6 Qe7 45.Qd4 Kg8 46.Nxg7 Qe4 47.Ne6 Bc8 48.Qxe4 dxe4 49.Nc5 e3
50.Rf3 Re7 51.Kf1 Re5 52.b4 h5 53.gxh5 Bxf5 54.Rg3+ Kf7 55.Ke2 a5 56.h6 Bg6
57.Rf3+ Kg8 58.Rxe3 Rg5 59.Kf2 axb4 60.axb4 Kh7 61.Ne6 Rf5+ 62.Rf3 Kxh6 63.g4
Rxf3+ 64.Kxf3 Bd3 65.Kf4 Kg6 66.Nc5 Bb1 67.Nd7 Bc2 68.Ne5+ Kf6 69.Nf3 Bd3
70.Nd4 Bf1 71.g5+ Kg6 72.Nf3 Be2 73.Ne5+ Kg7 74.Kf5 Bd1 75.Kf4 Be2 76.Nc6 {#r}
1-0

[Event "16th Asian Continental w"]
[Site "Chengdu CHN"]
[Date "2017.05.12"]
[Round "1.7"]
[White "Pham Le Thao Nguyen"]
[Black "Shamima,A"]
[Result "1-0"]
[WhiteElo "2331"]
[BlackElo "2109"]

1.d4 d5 2.Nf3 Nf6 3.Bf4 c5 4.e3 Nc6 5.Nbd2 Bg4 6.c3 cxd4 7.exd4 e6 8.Qb3 Bd6
9.Bg3 Rb8 10.Bd3 O-O 11.Qc2 Rc8 12.Qb1 Bh5 13.Ne5 Qc7 14.f4 Bg6 15.O-O Nh5
16.Rf3 Ne7 17.Bxg6 Nxg6 18.Qe1 Rfe8 19.Qf2 f5 20.Bh4 Nf8 21.Rh3 Nf6 22.Bxf6
gxf6 23.Nd3 Ng6 24.Rf1 Re7 25.Re3 Kh8 26.Kh1 Rce8 27.g3 b5 28.Rfe1 a5 29.Nb3
a4 30.Nbc5 e5 31.fxe5 fxe5 32.Qxf5 e4 33.Nb4 Bxc5 34.Nxd5 Rf8 35.Qxf8+ Nxf8
36.Nxc7 {#r} 1-0

[Event "German Int Juniors 2017"]
[Site "Stroebeck GER"]
[Date "2017.05.13"]
[Round "2.2"]
[White "Sieber,Fiona"]
[Black "Nguyen,Alex Dac-Vuong"]
[Result "1-0"]
[WhiteElo "2332"]
[BlackElo "2051"]
[EventType "k.o."]

1.e4 e6 2.d4 d5 3.Nc3 Nf6 4.e5 Nfd7 5.f4 c5 6.Nf3 Nc6 7.Be3 Be7 8.Qd2 O-O
9.dxc5 Nxc5 10.O-O-O Qa5 11.Kb1 Nd7 12.a3 Rb8 13.Nd4 a6 14.h4 Qc7 15.h5 b5
16.Nxc6 Qxc6 17.Ne2 Nb6 18.Nd4 Qc7 19.h6 g6 20.Bf2 Nc4 21.Bxc4 bxc4 22.Ka2 Bd7
23.Rh3 Rb7 24.Rb1 Rfb8 25.g4 Bc5 26.Rf3 Qb6 27.Qc3 a5 28.b3 Bb4 29.Qb2 c3
30.Qc1 Qc7 31.Be1 a4 32.axb4 axb3+ 33.Rxb3 Ra8+ 34.Ra3 Qc4+ 35.Nb3 Rba7
36.Rxc3 Rxa3+ 37.Qxa3 Rxa3+ 38.Kxa3 Qxf4 39.Rc7 Be8 40.Rc8 Kf8 41.b5 Ke7
42.Bh4+ g5 43.b6 gxh4 44.b7 Qa4+ 45.Kb2 Qb4 46.b8=Q Qxb8 47.Rxb8 h3 48.Ra8 Bc6
49.Ra7+ Ke8 50.Nd4 {#r} 1-0

[Event "German Int Juniors 2017"]
[Site "Stroebeck GER"]
[Date "2017.05.11"]
[Round "1.1"]
[White "Sieber,Fiona"]
[Black "Lagunow,Raphael"]
[Result "0-1"]
[WhiteElo "2332"]
[BlackElo "2318"]
[EventType "k.o."]

1.e4 c5 2.Nf3 Nc6 3.d4 cxd4 4.Nxd4 Nf6 5.Nc3 e5 6.Ndb5 d6 7.Bg5 a6 8.Na3 b5
9.Nd5 Be7 10.Bxf6 Bxf6 11.c3 O-O 12.Nc2 Bg5 13.a4 bxa4 14.Rxa4 a5 15.Bc4 Rb8
16.b3 g6 17.Nce3 Be6 18.O-O Kh8 19.Qd3 Bh6 20.g3 Bh3 21.Rd1 f5 22.exf5 gxf5
23.f4 Rb7 24.Bb5 Na7 25.Ba6 Rg7 26.Kh1 Qa8 27.Rg1 Nc6 28.Ng2 exf4 29.Ndxf4 Ne5
30.Qxd6 Bxg2+ 31.Rxg2 Rd8 32.Bb7 Rxb7 33.Qxe5+ Bg7 34.Qe2 Re7 35.Qf1 Rde8
36.Nd3 Bxc3 37.Ra1 Bxa1 38.Qxa1+ Kg8 39.Kg1 Qd5 40.g4 f4 41.Qf1 Qd4+ 42.Kh1
Re3 43.Rd2 Rd8 44.Ne5 Qxd2 45.Qc4+ Qd5+ {#R} 0-1

[Event "TCh-BLR 2017"]
[Site "Minsk BLR"]
[Date "2017.05.12"]
[Round "5.2"]
[White "Lomako,P"]
[Black "Stetsko,L"]
[Result "1-0"]
[WhiteElo "2333"]
[BlackElo "2202"]

1.d4 Nf6 2.Nf3 e6 3.Bg5 d5 4.e3 c5 5.c3 Nc6 6.Nbd2 h6 7.Bh4 g5 8.Bg3 Nh5 9.Bd3
Nxg3 10.hxg3 Bg7 11.dxc5 Qe7 12.e4 Qxc5 13.Nb3 Qe7 14.exd5 exd5+ 15.Qe2 Qxe2+
16.Bxe2 Bf5 17.O-O-O Be4 18.Nc5 O-O-O 19.Nxe4 dxe4 20.Nd2 Rhe8 21.Nc4 Kc7
22.Bh5 Rf8 23.Rxd8 Nxd8 24.Ne3 f5 25.Bg6 f4 26.gxf4 gxf4 27.Nd5+ Kd6 28.Bxe4
Ne6 29.Rd1 Ke5 30.Bf3 Ng5 31.Ne7 Rf7 32.Ng6+ Kf5 33.Bh5 Rc7 34.Rd5+ Ke4 35.Rd8
Ne6 36.Re8 Kf5 37.Ne7+ Kg5 38.Nd5 Rc6 39.Bf7 Nc7 40.Rg8 Nxd5 41.Rxg7+ Kf6
42.Bxd5 Kxg7 43.Bxc6 bxc6 44.Kd2 {#r} 1-0

[Event "ch-ISL 2017"]
[Site "Hafnarfjordur ISL"]
[Date "2017.05.15"]
[Round "5.1"]
[White "Stefansson,Vignir Vatnar"]
[Black "Thorfinnsson,Bj"]
[Result "0-1"]
[WhiteElo "2334"]
[BlackElo "2407"]

1.d4 Nf6 2.c4 e6 3.Nc3 d5 4.cxd5 exd5 5.Bg5 c6 6.Qc2 h6 7.Bh4 Be7 8.e3 O-O
9.Bd3 Re8 10.Nge2 Ng4 11.Bxe7 Qxe7 12.O-O Qd6 13.Ng3 h5 14.e4 dxe4 15.Ncxe4
Qxd4 16.Nxh5 Bf5 17.Nhg3 Bxe4 18.Bxe4 Na6 19.Rad1 Qc5 20.Qb3 Qe7 21.Bb1 Rad8
22.Rxd8 Rxd8 23.Nf5 Qe5 24.Qh3 Nf6 25.b3 Nc7 26.Qe3 Qxe3 27.Nxe3 Ncd5 28.Nc4
Nc3 29.g3 b5 30.Ne5 c5 31.Kg2 Rd2 32.Re1 Nxb1 33.Rxb1 Ne4 34.Kf3 f5 {#R} 0-1

[Event "ch-ISL 2017"]
[Site "Hafnarfjordur ISL"]
[Date "2017.05.15"]
[Round "5.5"]
[White "Gislason,G"]
[Black "Bjornsson,Si"]
[Result "1-0"]
[WhiteElo "2336"]
[BlackElo "2268"]

1.d4 Nf6 2.g3 g6 3.Bg2 Bg7 4.e4 d6 5.h3 O-O 6.Ne2 c5 7.dxc5 dxc5 8.O-O Nc6
9.Be3 Qb6 10.Qc1 Nd4 11.Nec3 e5 12.Kh2 Be6 13.Nd2 Nh5 14.Nf3 f6 15.Nd5 Bxd5
16.exd5 e4 17.Nd2 f5 18.c3 Rac8 19.Qd1 Nb5 20.Nc4 Qa6 21.d6 Nxc3 22.Qb3 b5
23.d7 Rcd8 24.Ne5+ c4 25.Qxc3 Rxd7 26.Nxd7 Bxc3 27.bxc3 Rd8 28.Rfd1 Qc8 29.Nc5
Nf6 30.Rxd8+ Qxd8 31.Bd4 Nd5 32.a4 Nb4 33.Ne6 Qd6 34.cxb4 Qxe6 35.axb5 Qd5
36.Bc3 Qd3 37.Rxa7 Qxc3 38.b6 Qd4 39.Ra8+ {#r} 1-0

[Event "ch-ISL 2017"]
[Site "Hafnarfjordur ISL"]
[Date "2017.05.11"]
[Round "2.2"]
[White "Gislason,G"]
[Black "Ragnarsson,Dagur"]
[Result "0-1"]
[WhiteElo "2336"]
[BlackElo "2320"]

1.d4 d5 2.c4 c6 3.cxd5 cxd5 4.Bg5 Nc6 5.Nc3 h6 6.Bh4 g5 7.Bg3 Nf6 8.e3 Qa5
9.Bd3 Ne4 10.Bxe4 dxe4 11.a3 Bg7 12.h4 Bf5 13.b4 Qd8 14.hxg5 hxg5 15.Rxh8+
Bxh8 16.Rc1 Rc8 17.Qh5 Bf6 18.Nge2 Qd7 19.d5 Nd8 20.Nd4 Bg6 21.Qh6 a6 22.Qh2
Bg7 23.Be5 f6 24.Bg3 e6 25.Nde2 e5 26.f3 exf3 27.gxf3 Nf7 28.f4 Qg4 29.Rd1 Kd7
30.fxe5 fxe5 31.Na4 Rh8 32.Qg2 Nd6 33.Rc1 Ke8 34.Nc5 Rh3 35.Ne6 Bf6 36.Rc7 Be4
37.Qf2 Bf3 38.Bh2 Ne4 39.Rc8+ Kd7 40.Rc7+ Ke8 41.Rc8+ Kd7 42.Rc7+ Kd6 43.Qg1
Bxe2 44.Rxb7 Qh4+ {#R} 0-1

[Event "German Int Juniors 2017"]
[Site "Stroebeck GER"]
[Date "2017.05.13"]
[Round "2.2"]
[White "Grigorian,Sp"]
[Black "Sondergaard,Jesper Thybo"]
[Result "0-1"]
[WhiteElo "2341"]
[BlackElo "2449"]
[EventType "k.o."]

1.d4 Nf6 2.c4 g6 3.Nc3 d5 4.cxd5 Nxd5 5.e4 Nxc3 6.bxc3 Bg7 7.Nf3 c5 8.Rb1 O-O
9.Be2 b6 10.O-O Qc7 11.Qd2 e6 12.Rd1 Rd8 13.Qg5 Bb7 14.Bf4 Qc8 15.Qh4 Nd7
16.e5 cxd4 17.cxd4 Qc2 18.Bd3 Qxa2 19.Ra1 Qd5 20.Rxa7 Nxe5 21.Bxe5 Rxa7 22.Bc4
Qd7 23.Ng5 Bxe5 24.Qxh7+ Kf8 25.Bxe6 fxe6 26.Qxg6 Bc8 27.h4 Qg7 28.Qe4 Rxd4
29.Qf3+ Qf6 {#R} 0-1

[Event "German Int Juniors 2017"]
[Site "Stroebeck GER"]
[Date "2017.05.12"]
[Round "1.2"]
[White "Grigorian,Sp"]
[Black "Osmanodja,F"]
[Result "1-0"]
[WhiteElo "2341"]
[BlackElo "2263"]
[EventType "k.o."]

1.Nf3 d5 2.c4 e6 3.d4 Nf6 4.Nc3 Be7 5.Bg5 h6 6.Bh4 O-O 7.e3 Ne4 8.Bxe7 Qxe7
9.Rc1 c6 10.g4 Nd7 11.h4 Nxc3 12.Rxc3 c5 13.g5 h5 14.dxc5 Nxc5 15.Ne5 g6
16.cxd5 Ne4 17.d6 Nxd6 18.Bg2 Nf5 19.Qc2 Bd7 20.Bxb7 Ba4 21.Qxa4 Qxb7 22.O-O
Qxb2 23.Rfc1 Rab8 24.Nd7 Rb4 25.Qc2 Rg4+ 26.Kf1 Qb7 27.Nf6+ Kg7 28.Nxg4 Qh1+
29.Ke2 Qg2 30.Rc8 Ng3+ 31.Kd2 Ne4+ 32.Kd3 Rxc8 33.Qb2+ Nc3 34.Rxc3 Rd8+ 35.Kc2
Qe4+ 36.Rd3+ e5 37.Qxe5+ Qxe5 38.Nxe5 {#r} 1-0

[Event "Lviv Rapid Cup 2017"]
[Site "Lviv UKR"]
[Date "2017.05.09"]
[Round "9.5"]
[White "Mischuk,D"]
[Black "Zubov,A UKR"]
[Result "0-1"]
[WhiteElo "2344"]
[BlackElo "2604"]

1.e4 Nc6 2.d4 e5 3.Nf3 exd4 4.Nxd4 Bc5 5.Nb3 Bb4+ 6.Bd2 a5 7.a3 Be7 8.Bc3 Bf6
9.Bb5 a4 10.Nd4 Bxd4 11.Bxd4 Qg5 12.Bf1 Nxd4 13.Qxd4 Qc1+ 14.Ke2 Ne7 15.Qxg7
Rg8 16.Qc3 d5 17.b4 axb3 18.cxb3 Qf4 19.Nd2 dxe4 20.Ke1 Bd7 21.g3 Qf5 22.Qxc7
Rc8 23.Qf4 Qxf4 24.gxf4 Bc6 25.f3 e3 26.Ne4 Bxe4 27.fxe4 Rc2 28.Bd3 Rb2 29.Rb1
Ra2 30.Rf1 Nc6 31.Rf3 Rg1+ 32.Rf1 Rgg2 33.Rf3 Nd4 34.Rxe3 Rxh2 35.Rc1 Rh1+
36.Bf1 h5 37.Rh3 Re2+ {#R} 0-1

[Event "Nakhchivan Open 2017"]
[Site "Nakhchivan AZE"]
[Date "2017.05.11"]
[Round "9.9"]
[White "Tutisani,Noe"]
[Black "Mammadov,Z"]
[Result "0-1"]
[WhiteElo "2347"]
[BlackElo "2421"]

1.Nf3 d5 2.b3 Nf6 3.Bb2 Bf5 4.g3 e6 5.Bg2 h6 6.O-O Nbd7 7.c4 c6 8.Nc3 Be7 9.d3
O-O 10.Rc1 Bh7 11.a3 a5 12.cxd5 exd5 13.Re1 Re8 14.Bh3 Bd6 15.Ra1 Qb6 16.d4 a4
17.b4 Qa7 18.e3 Nb6 19.Ne5 Re7 20.Ne2 Rae8 21.Nf4 Qb8 22.Nfd3 Ne4 23.Nc5 Bxe5
24.dxe5 Nxc5 25.bxc5 Nc4 26.Qd4 Qxe5 27.Qxe5 Nxe5 28.Bxe5 Rxe5 29.Red1 Bc2
30.Rd2 Bb3 31.Bf1 Ra8 32.Rc1 Kf8 33.Rd4 Ke8 34.Bd3 Ra5 35.Rb4 Re7 36.Rc3 Kd8
37.Kf1 Kc7 38.Ke1 f6 39.Kd2 Re8 40.f4 Rb8 41.f5 Re8 42.e4 dxe4 43.Rxe4 Raa8
44.Rg4 Re7 45.Bc4 Rd8+ 46.Rd3 h5 47.Rxd8 Kxd8 48.Rd4+ Kc7 49.Bd3 Re5 50.Rh4
Rd5 51.Re4 Kd7 52.Rb4 Kc8 53.Rh4 Kb8 54.Ke3 Bd1 55.Rc4 Kc7 56.Be4 Re5 57.Kd4
Bb3 58.Rc1 Bd5 59.Bd3 Bf3 60.Rc4 Bg4 61.Rxa4 Rd5+ 62.Kc4 Kb8 63.Rb4 Bxf5
64.Bxf5 Rxf5 65.Rb3 h4 66.Re3 Ka7 67.a4 hxg3 68.Rxg3 Rf4+ 69.Kb3 g5 70.h3 Ka6
71.Re3 Rh4 72.Rf3 Ka5 73.Rxf6 Rxh3+ 74.Kc4 Kxa4 75.Rf7 Rh4+ 76.Kd3 Kb5
77.Rxb7+ Kxc5 78.Rf7 Rd4+ 79.Kc3 Rf4 80.Rg7 g4 81.Rg5+ Kd6 82.Kd3 c5 83.Rg6+
Kd5 84.Rg5+ Kc6 85.Rg8 Rd4+ 86.Kc3 Kd5 87.Rg5+ Kd6 88.Rh5 Rd5 89.Rh8 Rg5
90.Kd3 g3 91.Rh1 g2 92.Rg1 Kd5 93.Kd2 Ke4 94.Ke2 c4 {#R} 0-1

[Event "Nakhchivan Open 2017"]
[Site "Nakhchivan AZE"]
[Date "2017.05.10"]
[Round "8.11"]
[White "Hasanzade,Toghrul"]
[Black "Mammadov,Z"]
[Result "0-1"]
[WhiteElo "2347"]
[BlackElo "2421"]

1.e4 e6 2.d4 d5 3.Nd2 Be7 4.Ngf3 Nf6 5.Bd3 c5 6.e5 Nfd7 7.c3 Nc6 8.O-O g5 9.b3
cxd4 10.cxd4 Qb6 11.Bb2 h5 12.Rc1 g4 13.Ne1 Nxd4 14.Nc2 Nc6 15.Re1 a5 16.a4
Nc5 17.Bb5 Bd7 18.Qe2 Na7 19.Bxd7+ Nxd7 20.Kh1 Nc6 21.f4 Qa6 22.Nb1 Nc5
23.Qxa6 Rxa6 24.Re3 Kd7 25.Nd4 Nxd4 26.Bxd4 Rc6 27.Nd2 Rhc8 28.Rec3 Nd3
29.Rxc6 Rxc6 30.Rxc6 Kxc6 31.Bc3 Bb4 32.Bxb4 axb4 33.g3 Kc5 {#R} 0-1

[Event "TCh-BLR 2017"]
[Site "Minsk BLR"]
[Date "2017.05.12"]
[Round "5.2"]
[White "Badelka,Olga"]
[Black "Kazakovskiy,Valeriy"]
[Result "1-0"]
[WhiteElo "2350"]
[BlackElo "2443"]

1.d4 Nf6 2.c4 e6 3.Nc3 Bb4 4.Qc2 Nc6 5.Nf3 d6 6.Bd2 O-O 7.a3 Bxc3 8.Bxc3 Qe7
9.e3 e5 10.d5 Nb8 11.Nd2 a5 12.b3 Nbd7 13.Be2 b5 14.O-O bxc4 15.Nxc4 a4
16.Rfd1 axb3 17.Qxb3 Nc5 18.Qc2 Bd7 19.Nb2 Nfe4 20.Bb4 Qg5 21.Bf3 Bf5 22.Qe2
Nb3 23.Rab1 Nec5 24.e4 Bd7 25.Qe3 Qxe3 26.fxe3 f5 27.Nd3 fxe4 28.Bxc5 exf3
29.Bb4 Na5 30.Rbc1 Ba4 31.Re1 Bb5 32.Nf2 Nc4 33.Rc3 fxg2 34.Rec1 Nb6 35.e4 Rf6
36.Rg3 Nc4 37.Kxg2 Raf8 38.Be1 h5 39.h4 c6 40.dxc6 Rc8 41.a4 Ba6 42.Rgc3 Rxc6
43.Kh2 Rb6 44.Rxc4 Bxc4 45.Rxc4 Rb1 46.Nd3 Rd1 47.Rc3 Rf3 48.Nf2 Rf4 49.Nxd1
{#r} 1-0

[Event "Lviv Rapid Cup 2017"]
[Site "Lviv UKR"]
[Date "2017.05.09"]
[Round "11.9"]
[White "Razin,V"]
[Black "Terletsky,O"]
[Result "1-0"]
[WhiteElo "2354"]
[BlackElo "2313"]

1.d4 Nf6 2.Nf3 g6 3.Bg5 Bg7 4.Nbd2 d5 5.e3 O-O 6.Bd3 Nbd7 7.O-O Re8 8.c4 e5
9.cxd5 exd4 10.e4 h6 11.Bh4 g5 12.Bg3 Nc5 13.Qc2 Nxd3 14.Qxd3 Nh5 15.Nxd4 Nxg3
16.hxg3 c6 17.Rfe1 Bg4 18.N4b3 Bxb2 19.Rab1 Bg7 20.Nc4 cxd5 21.exd5 Qf6
22.Rxe8+ Rxe8 23.Ne3 Bh5 24.Qb5 Qe5 25.Na5 f5 26.Nac4 Qd4 27.Nxf5 Qc3 28.Nxg7
Qxg7 29.Ne3 b6 30.Rc1 Qd4 31.Qc6 Kg7 32.Nf5+ {#r} 1-0

[Event "Nakhchivan Open 2017"]
[Site "Nakhchivan AZE"]
[Date "2017.05.11"]
[Round "9.12"]
[White "Suleymanli,Aydin"]
[Black "Sevdimaliev,U"]
[Result "1-0"]
[WhiteElo "2356"]
[BlackElo "2366"]

1.d4 Nf6 2.c4 e6 3.Nf3 b6 4.a3 Ba6 5.Nbd2 c5 6.e3 d5 7.b3 cxd4 8.exd4 g6 9.Bb2
Bg7 10.Bd3 O-O 11.O-O Nc6 12.Qe2 dxc4 13.bxc4 Rc8 14.Rfd1 Qe7 15.Rac1 Rfd8
16.Nb3 Bb7 17.Re1 Qf8 18.Rcd1 a5 19.Na1 Nh5 20.Be4 Nf4 21.Qf1 f5 22.Bxc6 Bxc6
23.Re3 Bb7 24.g3 Nh5 25.Ng5 f4 26.Nxe6 fxe3 27.Nxf8 Rxf8 28.f4 g5 29.f5 g4
30.Re1 Rce8 31.Nc2 Bh6 32.d5 Bc8 33.Nd4 Bg7 34.Qe2 Re4 35.Ne6 Rxf5 36.Qd3 {#r}
1-0

[Event "German Int Juniors 2017"]
[Site "Stroebeck GER"]
[Date "2017.05.11"]
[Round "1.1"]
[White "Engel,Luis"]
[Black "Heinemann,Josefine"]
[Result "0-1"]
[WhiteElo "2362"]
[BlackElo "2244"]
[EventType "k.o."]

1.e4 e5 2.Nf3 Nc6 3.Bc4 Bc5 4.c3 Nf6 5.d3 a6 6.Bb3 d6 7.Nbd2 Ba7 8.h3 O-O
9.Nf1 d5 10.Qe2 Re8 11.Ng3 h6 12.Nh4 Nxe4 13.dxe4 Qxh4 14.exd5 Na5 15.Bc2 Nc4
16.Qd3 e4 17.Qe2 e3 18.Kd1 Bd7 19.Qd3 g6 20.Ne4 Bb5 21.g3 Qd8 {#R} 0-1